LEADER 00987cam0-2200337---450- 001 990004682340403321 005 20091008095256.0 035 $a000468234 035 $aFED01000468234 035 $a(Aleph)000468234FED01 035 $a000468234 100 $a19990604d1972----km-y0itay50------ba 101 0 $ager 102 $aDE 105 $aa-------001yy 200 1 $a<>mann-weibliche Leitbild in der Antike$fErnst W. Klimowsky$gmit Einführung von Max Brod 210 $aMünchen$cUNI-Druck$dc1972 215 $a221 p.$cill.$d21 cm 610 0 $aArte$aGrecia 610 0 $aGrecia antica$aArte 610 0 $aArte antica 676 $a930.1 700 1$aKlimowsky,$bErnst Werner$f<1904- >$0298753 702 1$aBrod,$bMax$f<1884-1968> 801 0$aIT$bUNINA$gRICA$2UNIMARC 901 $aBK 912 $a990004682340403321 952 $a930.1 KLI 1$bIst.Fil.Cl.4401$fFLFBC 959 $aFLFBC 996 $aMann-weibliche Leitbild in der Antike$9554619 997 $aUNINA